Find the Female Television Hall of Fame Inductees Quiz Stats

 Plays Quiz Updated Dec 17, 2018

Support Sporcle.
Go Orange.
Score 0/16 Timer 03:00
3 Plays Today
% Correct
Oprah Winfrey (1994)
96.4%
Lucille Ball (1984)
94.5%
Betty White (1995)
94.4%
Julia Louis-Dreyfus (2014)
92.4%
Angela Lansbury (1996)
91.7%
Mary Tyler Moore (1986)
91.2%
Diane Sawyer (1997)
88.7%
Joan Rivers (2017)
88.6%
% Correct
Katie Couric (2004)
88.4%
Candice Bergen (2010)
87%
Carol Burnett (1985)
85.3%
Diahann Carroll (2011)
84%
Barbara Walters (1989)
77.3%
Vivian Vance (2012)
75.7%
Jean Stapleton (2002)
75.7%
Dinah Shore (1992)
72.5%

From the Vault

Movie Cast Match (2016)

by MasterKGlas

Movies 8m
How many trips to the movie theater did you make last year?
Remove Ads.
Support Sporcle.
Get the best of Sporcle when you Go Orange. This ad-free experience offers more features, more stats, and more fun while also helping to support Sporcle. Thank you for becoming a member.

Show Comments

Extras

Top Quizzes Today


Score Distribution

Your Account Isn't Verified!

In order to create a playlist on Sporcle, you need to verify the email address you used during registration. Go to your Sporcle Settings to finish the process.

Report this User

Report this user for behavior that violates our Community Guidelines.

Details: